1294 1945 1044 1176 1826 1815 1984 1105 1666 1178 1921 1759 1637 1072 1637 1705 1255 1219 1334 1627 1860 1954 1486 1742 1347 1235 1125 1131 1676 1497 1363 1244 1851 1919 1860 1344 1987 1562 1357 1624 1224 1972 1852 1111 1307 1841 1811 1289 1549 1846 1754 1127 1488 1213 1994 1550 1697 1568 1625 1076 1288 1603 1001 1760 1101 1958 1797 1597 1775 1130 1648 1987 1202 1893 1233 1759 1886 1620 1255 1437 1987 1213 1480 1067 1621 1023 1878 1614 1564 1906 1475 1318 1027 1247 1318 1640 1079 1087 1664 BCNSPRNW ULIB Ver.6.0+V

เปลี่ยนเป็นภาษาไทย

Change to English
 แสดงรายละเอียดบรรณานุกรม
  กลับหน้าหลัก

Brief Record : Get Marc (ISO 2709) : E-mail record : QR code < ปิดหน้าต่าง
LEADER : 00000nam 2200000uu 4500
001    13399110763
003     ULIB
008    110608s2546||||th 000 0 tha d
020    9747597438 (ล.1)
020    9747597543 (ล.2)
020    9747597535 (ล.2)
020    9747597624 (ล.3)
090    นว^bท869ล ล.1-3 2544-2546
100 1  โทลคีน, เจ.อาร์.อาร์,^dค.ศ.1892-1973
245 10 ลอร์ด ออฟ เดอะ ริงส์ =^bThe Lord of the rings /^cเจ.อาร์.อาร์ โทลคีน, เรื่องและภาพประกอบ ; วัลลี ชื่นยง, แปล
246 31 Lord of the rings
260    กรุงเทพฯ :^bแพรวเยาวชน,^c2544-<2546>
300    3 เล่ม ;^c22 ซม. +^eแผ่นพับ 1 แผ่น
440  0 วรรณกรรมเยาวชน
505 0  ^gล.1^tมหันตภัยแห่งแหวน --^gล.2^tหอคอยคู่พิฆาต --^gล.3^tกษัตริย์คืนบัลลังก์
650  7 นวนิยายอังกฤษ^xการแปลเป็นภาษาไทย
700 0  วัลลี ชื่นยง,^eผู้แปล
700 1  Tolkien, J.R.R.^q(John Ronald Reuel),^d1892-1973
740 02 มหันตภัยแห่งแหวน
740 02 หอคอยคู่พิฆาต
740 02 กษัตริย์คืนบัลลังก์
945    ^p325^l0^i014804
945    ^p325^l0^i030133
945    ^p325^l0^i014803
945    ^p325^l0^i014805
995    เกษร
999 ^a ใช้งานได้ทุกระบบ
รายการนี้ยังไม่มีแท็ก
คุณยังไม่ได้ล็อกอิน คุณสามารถมีกิจกรรมร่วมกับเว็บไซต์ได้ แต่ต้องล็อกอินก่อน ::
  ล็อกอิน

รายการสื่อสารสนเทศ

ลำดับที่ ประเภท เลขเรียก/บาร์โค้ด สถานที่ สถานะ
- ไม่พบข้อมูล -

BibComment


ยังไม่เคยถูกคอมเมนท์

คอมเมนท์ทรัพยากรรายการนี้
  คอมเมนท์: ลอร์ด ออฟ เดอะ ริ..

สมาชิกที่บันทึกรายการนี้ไว้ในรายการโปรด
นางสาวนุชศรา พรมชัย

 Copyright 2026. Bcnsprnw @Library